Seguridad en obras de construcción /

El escenario principal de este programa será un edificio en construcción. Se mostrará cómo disminuir la posibilidad de enfermedades profesionales y accidentes en actividades constructivas. Para ello se emplean medidas de prevención y protección tendientes a eliminar condiciones y situaciones riesgos...

Descripción completa

Guardado en:
Autor Principal: Campanella, Juan José
Autores Corporativos: Instituto Nacional de Educación Tecnológica (INET), Canal Encuentro.
Formato: Deslizar
Publicado: Argentina, 2009
Series:Entornos Invisibles
Materias:
Acceso en línea:https://www.educ.ar/recursos/50692/seguridad-en-obras-de-construccion
Etiquetas: Agregar Etiqueta
Sin Etiquetas, Sea el primero en etiquetar este registro!
LEADER 01882ngm a22003375g 4500
001 CEM.cems023530
008 130507s2009##################0###0#####d
005 20250603162555.0
245 1 0 |a Seguridad en obras de construcción /  |c Juan José Campanella. 
260 |a Argentina,  |c 2009 
300 |a 30'. 
490 0 |a Entornos Invisibles 
520 |a El escenario principal de este programa será un edificio en construcción. Se mostrará cómo disminuir la posibilidad de enfermedades profesionales y accidentes en actividades constructivas. Para ello se emplean medidas de prevención y protección tendientes a eliminar condiciones y situaciones riesgosas. Al planificar el trabajo se establecen normas y procedimientos en un programa preventivo, a fin de evaluar los posibles riesgos que se encuentran en el lugar de trabajo. Las tareas en una obra entrañan muchas situaciones de peligro, que son inherentes a la propia actividad. En la industria de la construcción debemos utilizar un determinado conjunto de elementos de protección personal, de uso individual e intransferibles, necesarios para el desarrollo seguro del trabajo minimizando la posibilidad de lesiones. 
538 |a Soporte: DVD - Color: Si - Grabación DRD 
500 |a Consultar en ventanilla. 
100 1 |a Campanella, Juan José 
710 2 |a Instituto Nacional de Educación Tecnológica (INET) 
710 2 |a Canal Encuentro. 
082 5 3 |/ CAM 
653 |a CIENCIA 
653 |a FISICA 
653 |a QUIMICA 
653 |a ENTORNOS INVISIBLES 
653 |a CONSTRUCCION 
653 |a SEGURIDAD LABORAL 
653 |a ACCIDENTES 
653 |a ACCIDENTES DE TRABAJO 
653 |a SERIE DE TELEVISIÓN 
653 |a DOCUMENTAL 
856 |u https://www.educ.ar/recursos/50692/seguridad-en-obras-de-construccion 
859 |a CEMS  |b BIB. CEMS - Depto. Recursos Didacticos  |h 530  |i CAM  |k DRD  |p 2173.15  |t Ej.1